Free Hit (Record no. 349769)

MARC details
000 -LEADER
fixed length control field 00451nam a2200169Ia 4500
008 - FIXED-LENGTH DATA ELEMENTS--GENERAL INFORMATION
fixed length control field 230718s9999 xx 000 0 und d
020 ## - INTERNATIONAL STANDARD BOOK NUMBER
International Standard Book Number 9789353024550
041 ## - LANGUAGE CODE
Language code of text/sound track or separate title eng
082 ## - DEWEY DECIMAL CLASSIFICATION NUMBER
Classification number 796.358'8
Item number DAS
100 ## - MAIN ENTRY--PERSONAL NAME
Personal name Das S.
245 ## - TITLE STATEMENT
Title Free Hit
Remainder of title The Story Of Women's Cricket In India
260 ## - PUBLICATION, DISTRIBUTION, ETC. (IMPRINT)
Date of publication, distribution, etc. 2019
Name of publisher, distributor, etc. Harper Sport
300 ## - PHYSICAL DESCRIPTION
Extent 260
365 ## - TRADE PRICE
Currency code Rs.
Price amount 499.00
700 ## - ADDED ENTRY--PERSONAL NAME
Personal name Das S.
906 ## - LOCAL DATA ELEMENT F, LDF (RLIN)
d O:0644012-Mar-2019B:505522-Feb-2019
c GENRL
b 109.78
Holdings
Withdrawn status Lost status Damaged status Not for loan Home library Current library Date acquired Vendor Budget Code Cost, normal purchase price Bill number Total Checkouts Full call number Barcode Date last seen Discount Cost, replacement price Bill Date Koha item type Original Barcode
        Cummins College of Engineering for Women Pune Cummins College of Engineering for Women Pune 12/03/2019 Technical Book Services GENRL 389.22 5055   796.358'8 CCEP-BK-60976 18/07/2023 109.78 499.00 22/02/2019 Books 060976